LEADER 00901nam0 2200277 450 001 000008645 005 20071129132023.0 010 $a978-88-13-27369-9 100 $a20071129d2007----km-y0itay50------ba 101 0 $aita 102 $aIT 105 $ay-------001yy 200 1 $aManuale di diritto dell'informazione e della comunicazione$fSalvatore Sica, Vincenzo Zeno-Zencovich 210 $aPadova$cCedam$dc2007 215 $aXVI, 467 p.$d24 cm 410 0$12001 610 1 $aInformazione$aDiritto$aManuali 610 1 $aComunicazione$aDiritto$aManuali 676 $a343.45099$v21 700 1$aSica,$bSalvatore$0105487 701 1$aZeno-Zencovich,$bVincenzo$0145311 801 0$aIT$bUNIPARTHENOPE$c20071129$gRICA$2UNIMARC 912 $a000008645 951 $a343-M/44$b40104$cNAVA1$d2007 996 $aManuale di diritto dell'informazione e della comunicazione$9711608 997 $aUNIPARTHENOPE